000 00558nam a2200193Ia 4500
003 GCL
008 140319s9999 xx 000 0 ara d
040 _aGCL /
_cGCL
082 0 4 _a832.009
_bع م
100 1 _aعدنان رشيد
245 1 0 _aمسرح برشت /
_cعدنان رشيد
300 _a260 ص
490 _a
650 0 4 _aالمسرح - تاريخ
650 0 4 _aبرشت , برتولت فريدريش
650 0 4 _aالمسرح الالمانى - تاريخ ونقد
650 0 4 _aالادباء الالمانيون
942 _2ddc
_cBK
999 _c46584
_d46584